Head Over Heels- Tear for Fears - Statistics

General Stats
  • This quiz has been taken 52 times
  • The average score is 157 of 242
Answer Stats
Answer % Correct
head
98%
heels
98%
I
98%
over
98%
so
98%
a
95%
And
95%
and
95%
I'm
95%
Something
95%
happens
93%
my
88%
My
88%
you
88%
You
88%
the
85%
it
80%
don't
78%
Don't,
78%
don't,
78%
find
78%
out
78%
when
78%
break
75%
heart,
75%
heart
75%
never
75%
to
75%
away
73%
away,
73%
about
70%
be
70%
take
70%
talk
70%
throw
70%
Throw
70%
weather
70%
just,
68%
just
68%
time
68%
with
68%
With
68%
your
68%
you're
68%
You're
68%
this
65%
This
65%
Oh,
63%
until
63%
wasting
63%
alone
60%
in
60%
In
60%
wanted
60%
But
53%
is
53%
need
53%
no
53%
of
53%
how
50%
much?
50%
Ah,
48%
flies
48%
last?
48%
feel
45%
lost
45%
could
43%
It's
43%
on
43%
can
40%
clover
40%
four
40%
leaf
40%
mother
40%
admiration,
38%
Funny
38%
now
38%
Now,
38%
now,
38%
touch
38%
gentle
35%
hand
35%
man
35%
persuasion
35%
system
35%
brothers
33%
distance
33%
hard
33%
there's
33%
used
33%
will
33%
Won't
33%
have
30%
keep
30%
made
30%
mind
30%
one
30%
One
30%
face
28%
gun
28%
Thought
28%
against
25%
escape
25%
long
25%
watching
25%
attention
23%
eye
23%
foot
23%
future
23%
traditions
23%
burn
20%
child
20%
fire,
20%
little
20%
past,
20%
air
18%
clean
18%
dreaming
18%
boy,
15%
doctor
15%
line,
15%
mind's
15%
open
15%
trace
15%
ambitions?
13%
breathing
13%
via
13%
No matching quizzes found
Score Distribution
Percent of People with Each Score
Percentile by Number Answered
Your Score History
You have not taken this quiz